[Event "I Open"]
[Site "Senigallia ITA"]
[Date "1996.05.21"]
[Round "4"]
[White "Magalotti, Andrea"]
[Black "Pierbattisti, Giorgio"]
[Result "1/2-1/2"]
[WhiteElo "2085"]
[BlackElo "1654"]
[PlyCount "84"]
[EventDate "1996.05.19"]

1.e4 c5 2.Nf3 e6 3.d4 cxd4 4.Nxd4 a6 5.Be3 Nf6 6.Nc3 Qc7 7.f3 Ba3 8.Qc1 
Bb4 9.Ne2 O-O 10.a3 Bc5 11.Bg5 Be7 12.Qd2 Nc6 13.Nc1 d5 14.Bd3 dxe4 15.
Nxe4 Nxe4 16.fxe4 Bxg5 17.Qxg5 Qa5+ 18.Qxa5 Nxa5 19.b4 Nc6 20.Nb3 Ne5 21.
Ke2 b6 22.Nd2 Rd8 23.Nf3 Ng6 24.Ke3 Bb7 25.Rad1 Rac8 26.c4 h6 27.Be2 Kf8 
28.Rxd8+ Rxd8 29.Rd1 Rxd1 30.Bxd1 e5 31.g3 Ke7 32.Nd2 Nf8 33.Nb3 Ne6 34.a4
Kd6 35.a5 b5 36.cxb5 axb5 37.Bg4 Nc7 38.Nc5 Bc6 39.Bc8 g6 40.g4 Ba8 41.a6 
Ne8 42.Bd7 Nc7 1/2-1/2

[Event "I Open"]
[Site "Senigallia ITA"]
[Date "1996.05.21"]
[Round "4"]
[White "Mrdja, Milan"]
[Black "Borgo, Giulio"]
[Result "1/2-1/2"]
[WhiteElo "2450"]
[BlackElo "2400"]
[PlyCount "108"]
[EventDate "1996.05.19"]

1.e4 c5 2.Nf3 Nc6 3.d4 cxd4 4.Nxd4 e6 5.Nc3 Qc7 6.Be3 a6 7.Bd3 Nf6 8.O-O 
Be7 9.Qe2 O-O 10.f4 d6 11.Kh1 Re8 12.Nxc6 bxc6 13.Na4 c5 14.c4 Bb7 15.Nc3 
Rad8 16.Rac1 Nd7 17.Qc2 Nb8 18.e5 g6 19.exd6 Bxd6 20.Be4 Nc6 21.Qf2 f5 22.
Bf3 Nd4 23.Bxb7 Qxb7 24.Rcd1 Bf8 25.Na4 Qd7 26.b3 Qg7 27.b4 e5 28.Nxc5 
Bxc5 29.bxc5 Ne6 30.Rd6 Rc8 31.Rd5 exf4 32.Bxf4 Nxf4 33.Qxf4 Re4 34.Qd6 
Qc7 35.Qxa6 Rce8 36.h3 Re2 37.Qd6 Qa5 38.c6 Qxa2 39.c7 Qxc4 40.Rc5 Qe4 41.
Qg3 Re3 42.Qf2 Re2 43.Qg1 Rc8 44.Rd1 Re3 45.Qf2 Re2 46.Qg3 Re3 47.Qf2 
Rxh3+ 48.Kg1 Rd3 49.Qa2+ Kf8 50.Rxd3 Qxd3 51.Qa5 Qd1+ 52.Kf2 Qd4+ 53.Kf1 
Qd1+ 54.Kf2 Qd4+ 1/2-1/2

[Event "I Open"]
[Site "Senigallia ITA"]
[Date "1996.05.21"]
[Round "4"]
[White "Nurkic, Sahbaz"]
[Black "Rago, Riccardo"]
[Result "1-0"]
[WhiteElo "2365"]
[BlackElo "2230"]
[PlyCount "47"]
[EventDate "1996.05.19"]

1.e4 c5 2.c3 d5 3.exd5 Qxd5 4.d4 e6 5.Nf3 Nf6 6.Bd3 cxd4 7.cxd4 Be7 8.O-O 
O-O 9.Nc3 Qh5 10.Nb5 Na6 11.Re1 Qd5 12.Bg5 Qd8 13.Ne5 h6 14.Bxf6 Bxf6 15.
Rc1 Bd7 16.Nd6 Ba4 17.Nxb7 Bxd1 18.Nxd8 Raxd8 19.Rexd1 Nb4 20.Bb1 Nd5 21.
Be4 Rd6 22.g3 Rb8 23.Rc5 Rxb2 24.Nc4 1-0

[Event "I Open"]
[Site "Senigallia ITA"]
[Date "1996.05.21"]
[Round "4"]
[White "Ortega, Lexy"]
[Black "Djuric, Stefan"]
[Result "0-1"]
[WhiteElo "2490"]
[BlackElo "2515"]
[PlyCount "90"]
[EventDate "1996.05.19"]

1.d4 g6 2.e4 Bg7 3.Nf3 c6 4.Nc3 d5 5.h3 Nf6 6.e5 Ne4 7.Nxe4 dxe4 8.Ng5 c5 
9.Bc4 O-O 10.e6 cxd4 11.exf7+ Kh8 12.h4 Qa5+ 13.Bd2 Qf5 14.Qe2 Nc6 15.Nxe4
Ne5 16.Bb3 Be6 17.Bxe6 Qxe6 18.h5 Nxf7 19.hxg6 Qxg6 20.O-O-O Rac8 21.Kb1 
Nd6 22.f3 Nc4 23.Bc1 Rc6 24.Rd3 Ne5 25.Rxd4 Nxf3 26.Rc4 Rxc4 27.Qxc4 Qxg2 
28.Rh5 Qg6 29.Rh1 b5 30.Qd3 Ne5 31.Qe2 Qg4 32.Qxg4 Nxg4 33.Ng5 h6 34.a4 
bxa4 35.Rh4 Rf1 36.Ne6 Rg1 37.Nxg7 Kxg7 38.c4 Kf6 39.Kc2 Ke5 40.Bxh6 Kd4 
41.Bf8 e5 42.c5 e4 43.Rh7 Rf1 44.Rd7+ Kc4 45.Bg7 Ne3+ 0-1

[Event "I Open"]
[Site "Senigallia ITA"]
[Date "1996.05.21"]
[Round "4"]
[White "Palmizi, Alessandro"]
[Black "Amaranto, Luca"]
[Result "0-1"]
[WhiteElo "1600"]
[BlackElo "1813"]
[PlyCount "108"]
[EventDate "1996.05.19"]

1.e4 e5 2.Nf3 Nc6 3.Bc4 Nf6 4.Nc3 Be7 5.O-O O-O 6.Re1 d6 7.h3 Na5 8.Bb3 
Nxb3 9.axb3 c6 10.d3 h6 11.Be3 b6 12.Ne2 Qc7 13.c4 Be6 14.Nh2 Nd7 15.g4 
Bg5 16.Ng3 Bxe3 17.Rxe3 d5 18.Rc1 dxe4 19.dxe4 Rfd8 20.Qe2 a5 21.Nf3 f6 
22.Ne1 Nc5 23.Rcc3 Bf7 24.Nc2 Ne6 25.Qe1 Rd7 26.Rcd3 Rad8 27.Rxd7 Rxd7 28.
Ne2 Qd8 29.Nc3 Nf4 30.Nd5 cxd5 31.exd5 Nxd5 32.cxd5 Rxd5 33.Kg2 Rd1 34.Qc3
Qd5+ 35.Rf3 Rc1 36.Qc8+ Kh7 37.Qf5+ Bg6 38.Ne3 Bxf5 39.Nxd5 Be4 40.Nxb6 
Bxf3+ 41.Kxf3 Rc5 42.Nc4 Rb5 43.Nd2 a4 44.bxa4 Rxb2 45.Ne4 Rb4 46.a5 Ra4 
47.a6 Rxa6 48.Kg2 Ra4 49.Kf3 Ra3+ 50.Kg2 Kg6 51.h4 h5 52.gxh5+ Kxh5 53.
Ng3+ Kg4 54.h5 Rxg3+ 0-1

[Event "I Open"]
[Site "Senigallia ITA"]
[Date "1996.05.21"]
[Round "4"]
[White "Pizzi, Mario"]
[Black "Miele, Rosario"]
[Result "1-0"]
[WhiteElo "1800"]
[BlackElo "1585"]
[PlyCount "61"]
[EventDate "1996.05.19"]

1.d4 Nf6 2.e3 e6 3.f4 d5 4.Bd3 c5 5.c3 Nc6 6.Nf3 Be7 7.O-O Bd7 8.Nbd2 O-O 
9.Ne5 Qc7 10.Rf3 g6 11.Rh3 cxd4 12.exd4 Kg7 13.Qe1 Nxe5 14.fxe5 Ng4 15.Nf3
f5 16.Bf4 Qd8 17.Qd2 Rh8 18.Rg3 h5 19.h3 h4 20.Rxg4 fxg4 21.hxg4 h3 22.g3 
Qf8 23.Kh2 Qf7 24.Ng5 Bxg5 25.Bxg5 Raf8 26.Bf6+ Kh7 27.Qg5 Kg8 28.Bxg6 Qg7
29.Bxg7 Rf2+ 30.Kh1 Kxg7 31.Be8+ 1-0

[Event "I Open"]
[Site "Senigallia ITA"]
[Date "1996.05.21"]
[Round "4"]
[White "Stantic, Severino"]
[Black "Vujovic, Milorad"]
[Result "1/2-1/2"]
[WhiteElo "2030"]
[BlackElo "2345"]
[PlyCount "86"]
[EventDate "1996.05.19"]

1.d4 Nf6 2.Nf3 e6 3.c4 Bb4+ 4.Bd2 Qe7 5.Nc3 a5 6.Qc2 Nc6 7.e3 d6 8.Bd3 e5 
9.dxe5 dxe5 10.Be2 Bg4 11.h3 Bh5 12.Nd5 Nxd5 13.cxd5 Bxd2+ 14.Nxd2 Bxe2 
15.Kxe2 Nb4 16.Qa4+ c6 17.dxc6 O-O 18.Rhd1 Qe8 19.Rac1 Nxc6 20.Kf1 Rd8 21.
Ne4 Qe7 22.Qb3 Kh8 23.Qb6 f5 24.Nc5 f4 25.Rxd8 Nxd8 26.exf4 exf4 27.Rd1 
Re8 28.Ne4 Qxe4 29.Qxd8 Qe2+ 30.Kg1 h6 31.Qd2 f3 32.b3 fxg2 33.Qxe2 Rxe2 
34.Rd7 b6 35.Rd6 Rxa2 36.Rxb6 Kh7 37.Kxg2 h5 38.Kg3 g6 39.Rb5 a4 40.bxa4 
Rxa4 41.Rb3 Kh6 42.Rd3 Ra6 43.Rb3 g5 1/2-1/2

[Event "I Open"]
[Site "Senigallia ITA"]
[Date "1996.05.21"]
[Round "4"]
[White "Tortarolo, Massimiliano"]
[Black "Sebastianelli, Dario"]
[Result "1-0"]
[WhiteElo "2235"]
[BlackElo "1768"]
[PlyCount "91"]
[EventDate "1996.05.19"]

1.e4 e5 2.Nf3 Nc6 3.Bb5 a6 4.Ba4 Nf6 5.O-O Be7 6.Bxc6 dxc6 7.d3 Bd6 8.Nbd2
Bg4 9.b3 Qe7 10.Bb2 O-O 11.h3 Bh5 12.Re1 Nd7 13.Nf1 Rfe8 14.Ng3 Bg6 15.Qe2
Qf6 16.Nd2 Nf8 17.Nc4 Ne6 18.Qd2 c5 19.Rf1 b5 20.Ne3 Qg5 21.Qd1 h5 22.Ngf5
Bxf5 23.Nxf5 g6 24.Nxd6 cxd6 25.Bc1 Qf6 26.Be3 b4 27.a3 a5 28.Qd2 Nc7 29.
f4 Nb5 30.a4 Nd4 31.fxe5 Qxe5 32.Bf4 Qe7 33.Bg5 Qf8 34.Bf6 Re6 35.Rf2 Ra7 
36.Raf1 Rc7 37.g4 d5 38.e5 c4 39.gxh5 cxd3 40.cxd3 Qc5 41.Kh1 Nxb3 42.Qh6 
Rxf6 43.exf6 Qf8 44.Qg5 d4 45.hxg6 fxg6 46.f7+ 1-0

[Event "I Open"]
[Site "Senigallia ITA"]
[Date "1996.05.21"]
[Round "4"]
[White "Travaglini, Alberto"]
[Black "Pantaleoni, Leone"]
[Result "1-0"]
[WhiteElo "2123"]
[BlackElo "1714"]
[PlyCount "53"]
[EventDate "1996.05.19"]

1.d4 d5 2.Nf3 Nf6 3.Bf4 e6 4.e3 Be7 5.Nbd2 Nbd7 6.Bd3 O-O 7.Ne5 Nxe5 8.
dxe5 Nd7 9.h4 f5 10.c3 g6 11.Nf3 Nc5 12.Bc2 Ne4 13.Qe2 c5 14.O-O-O Qa5 15.
Kb1 h5 16.Ng5 Nxg5 17.hxg5 Qd8 18.g4 Bxg5 19.gxh5 Bxf4 20.exf4 g5 21.fxg5 
Kf7 22.f4 b5 23.h6 b4 24.cxb4 Rb8 25.Qh5+ Ke7 26.h7 Bd7 27.g6 1-0

[Event "I Open"]
[Site "Senigallia ITA"]
[Date "1996.05.22"]
[Round "5"]
[White "Amaranto, Luca"]
[Black "Luciani, Valerio"]
[Result "0-1"]
[WhiteElo "1813"]
[BlackElo "2155"]
[PlyCount "86"]
[EventDate "1996.05.19"]

1.e4 e6 2.d4 d5 3.Nc3 Bb4 4.e5 c5 5.a3 Bxc3+ 6.bxc3 Ne7 7.Nf3 Bd7 8.Bd3 
Qa5 9.Bd2 c4 10.Be2 Nbc6 11.O-O Qa4 12.Re1 f6 13.Bf1 O-O-O 14.g3 Ng6 15.h4
fxe5 16.Nxe5 Ngxe5 17.dxe5 Rdf8 18.f4 g6 19.Be3 b6 20.Qd2 h6 21.Bg2 Nd8 
22.Reb1 Be8 23.Rb4 Qd7 24.a4 Nc6 25.Rbb1 Qc7 26.Bh3 Bd7 27.Qe1 Rfg8 28.Bg2
Be8 29.Qf2 Rf8 30.Qd2 Rhg8 31.Bh3 Bd7 32.Bg2 Qd8 33.Bd4 g5 34.hxg5 hxg5 
35.Rf1 gxf4 36.gxf4 Nxd4 37.Qxd4 Qh4 38.a5 Rh8 39.axb6 Qh2+ 40.Kf2 Rxf4+ 
41.Ke3 Rxd4 42.bxa7 Qxe5+ 43.Kf2 Rd2+ 0-1

[Event "I Open"]
[Site "Senigallia ITA"]
[Date "1996.05.22"]
[Round "5"]
[White "Bonanate, Armando"]
[Black "Brumat, Giorgio"]
[Result "0-1"]
[WhiteElo "1650"]
[BlackElo "1828"]
[PlyCount "112"]
[EventDate "1996.05.19"]

1.e4 e5 2.c4 Nc6 3.Nc3 Nf6 4.g3 Bc5 5.h3 a6 6.d3 h6 7.a3 d6 8.Nge2 Nd4 9.
Nxd4 Bxd4 10.Ne2 Bb6 11.Bg2 Be6 12.b4 O-O 13.O-O Qd7 14.Kh2 Nh7 15.f4 exf4
16.Nxf4 Bd4 17.Rb1 c6 18.Ne2 Bb6 19.a4 f5 20.Nf4 fxe4 21.Bxe4 Bf5 22.Bg2 
Bd4 23.Bb2 Bxb2 24.Rxb2 Nf6 25.Rbf2 Rae8 26.Qd2 Re7 27.g4 Bh7 28.Nh5 Ref7 
29.Nxf6+ Rxf6 30.Rxf6 Rxf6 31.Rxf6 gxf6 32.d4 Kg7 33.Qf4 Bg8 34.c5 dxc5 
35.dxc5 Qe7 36.Qd2 Qe5+ 37.Kg1 Bd5 38.a5 Bxg2 39.Kxg2 Qe4+ 40.Kg3 Qe5+ 41.
Kf3 Qe6 42.Qd3 h5 43.Qe4 Qb3+ 44.Kf4 h4 45.Kf5 Qf7 46.Qe6 Qg6+ 47.Kf4 Qg5+
48.Kf3 Qd5+ 49.Qxd5 cxd5 50.c6 bxc6 51.Ke3 Kf7 52.Kd4 Ke6 53.Kc5 Kd7 54.b5
axb5 55.Kb6 Kc8 56.Kxc6 d4 0-1

[Event "I Open"]
[Site "Senigallia ITA"]
[Date "1996.05.22"]
[Round "5"]
[White "Borgo, Giulio"]
[Black "Efimov, Igor"]
[Result "0-1"]
[WhiteElo "2400"]
[BlackElo "2455"]
[PlyCount "128"]
[EventDate "1996.05.19"]

1.e4 e5 2.Nf3 Nc6 3.Nc3 g6 4.d4 exd4 5.Nd5 Bg7 6.Bg5 f6 7.Bh4 Nce7 8.Qxd4 
Nxd5 9.Qxd5 Ne7 10.Qb3 Nc6 11.O-O-O g5 12.Bg3 d6 13.h4 g4 14.Nd4 Nxd4 15.
Rxd4 Qe7 16.Bb5+ Kf8 17.Rhd1 Bh6+ 18.Kb1 Kg7 19.f4 a6 20.Be2 b5 21.Qc3 Be6
22.f5 Bf7 23.Bxg4 Rhg8 24.Bf3 Kh8 25.Bh2 a5 26.g4 b4 27.Qd3 Rab8 28.c4 
bxc3 29.Qxc3 Rb5 30.Be2 Rc5 31.Qa3 Rb8 32.g5 fxg5 33.hxg5 Qxg5 34.b3 Bg7 
35.Bg1 h6 36.R4d3 Re5 37.Bf3 Reb5 38.Qc1 Bxb3 39.axb3 Rxb3+ 40.Rxb3 Rxb3+ 
41.Ka2 Qxc1 42.Rxc1 Rxf3 43.Rxc7 Rf1 44.Ba7 a4 45.Ka3 Ra1+ 46.Kb4 Be5 47.
Rc4 Rb1+ 48.Ka3 Ra1+ 49.Kb4 Rd1 50.Be3 a3 51.Rc8+ Kg7 52.Rc7+ Kf6 53.Ra7 
h5 54.Kc4 h4 55.Bb6 Kg5 56.Bd8+ Kg4 57.f6 Rf1 58.Rg7+ Kf3 59.Kb3 h3 60.Rh7
h2 61.Be7 Kxe4 62.Kxa3 h1=Q 63.Rxh1 Rxh1 64.f7 Bg7 0-1

[Event "I Open"]
[Site "Senigallia ITA"]
[Date "1996.05.22"]
[Round "5"]
[White "Briffault, Philippe"]
[Black "Nurkic, Sahbaz"]
[Result "0-1"]
[WhiteElo "1678"]
[BlackElo "2365"]
[PlyCount "54"]
[EventDate "1996.05.19"]

1.d4 g6 2.c4 Bg7 3.Nf3 d6 4.Nc3 Nf6 5.g3 O-O 6.Bg2 Nc6 7.O-O e5 8.d5 Ne7 
9.e4 h6 10.Ne1 Nd7 11.Nd3 f5 12.exf5 gxf5 13.f4 Ng6 14.Be3 Nf6 15.c5 Ng4 
16.Qd2 exf4 17.Nxf4 Nxe3 18.Qxe3 Re8 19.Ne6 dxc5 20.Nxd8 Rxe3 21.Ne6 Bxe6 
22.dxe6 c6 23.Rxf5 Rxe6 24.Nb5 Rd8 25.Rxc5 cxb5 26.Rxb5 Re2 27.Rxb7 Rdd2 
0-1

[Event "I Open"]
[Site "Senigallia ITA"]
[Date "1996.05.22"]
[Round "5"]
[White "Djuric, Stefan"]
[Black "Komarov, Dimitri"]
[Result "0-1"]
[WhiteElo "2515"]
[BlackElo "2530"]
[PlyCount "90"]
[EventDate "1996.05.19"]

1.e4 c5 2.Nf3 Nc6 3.Bb5 e6 4.O-O Nge7 5.Nc3 a6 6.Bxc6 Nxc6 7.d4 cxd4 8.
Nxd4 d6 9.Be3 Bd7 10.Qf3 Qf6 11.Qxf6 gxf6 12.Nxc6 Bxc6 13.Bb6 Rg8 14.Rfe1 
Be7 15.Rad1 f5 16.f3 Rc8 17.exf5 Bxf3 18.Rd2 Rc6 19.fxe6 fxe6 20.Bd4 e5 
21.Be3 Rc4 22.Rf1 Bc6 23.h3 Rg3 24.Nd1 Re4 25.Ba7 Bg5 26.Rdf2 Rf4 27.Nc3 
Bh4 28.Rd2 Bg5 29.Rdf2 Bd8 30.Rd2 Ba5 31.Rxf4 exf4 32.Re2+ Kd7 33.Ne4 Rg6 
34.Kf2 Bb5 35.Rd2 Bxd2 36.Nxd2 Bc6 37.Nf3 Bxf3 38.Kxf3 Rg3+ 39.Kf2 Kc6 40.
Bd4 Kd5 41.Bf6 Ke4 42.Bh4 Rg8 43.a3 f3 44.Bg3 d5 45.c3 Rf8 0-1

[Event "I Open"]
[Site "Senigallia ITA"]
[Date "1996.05.22"]
[Round "5"]
[White "Drasko, Milan"]
[Black "Drei, Andrea"]
[Result "0-1"]
[WhiteElo "2505"]
[BlackElo "2325"]
[PlyCount "58"]
[EventDate "1996.05.19"]

1.d4 Nf6 2.c4 e6 3.Nc3 Bb4 4.Qc2 O-O 5.a3 Bxc3+ 6.Qxc3 b6 7.Bg5 Bb7 8.e3 
c5 9.dxc5 bxc5 10.Nf3 Nc6 11.Nd2 Rc8 12.Bxf6 Qxf6 13.Qxf6 gxf6 14.Ne4 Ne5 
15.Nxf6+ Kg7 16.Nh5+ Kh6 17.Ng3 f5 18.O-O-O Bc6 19.Re1 Rb8 20.f4 Ng4 21.h3
Nf2 22.Rh2 Rb3 23.Nh1 Nxh1 24.Rxh1 Rfb8 25.Re2 Be4 26.Rg1 d5 27.g4 dxc4 
28.Bg2 Bd3 29.Rd2 Rxa3 0-1

[Event "I Open"]
[Site "Senigallia ITA"]
[Date "1996.05.22"]
[Round "5"]
[White "Fico, Massimiliano"]
[Black "Pizzi, Mario"]
[Result "1-0"]
[WhiteElo "2315"]
[BlackElo "1800"]
[PlyCount "75"]
[EventDate "1996.05.19"]

1.e4 e5 2.f4 exf4 3.Nf3 g5 4.d4 d5 5.Qe2 h6 6.exd5+ Qe7 7.h4 f6 8.hxg5 
fxg5 9.Nxg5 Qxe2+ 10.Bxe2 Bd6 11.Bh5+ Ke7 12.Nf7 Rh7 13.Nxd6 cxd6 14.Bxf4 
Bf5 15.Na3 a6 16.Nc4 Nd7 17.O-O-O Rc8 18.Nxd6 Rxc2+ 19.Kb1 Rxg2+ 20.Nxf5+ 
Kd8 21.Rhg1 Rxg1 22.Rxg1 Ngf6 23.Bf3 h5 24.Rg6 h4 25.Bg5 h3 26.d6 Ke8 27.
Nh6 h2 28.Bxf6 Nxf6 29.Rxf6 Rg7 30.Kc2 Rg1 31.Bxb7 h1=Q 32.Bxh1 Rxh1 33.
d7+ Kxd7 34.Rxa6 Rh2+ 35.Kc3 Rh3+ 36.Kc4 Rh2 37.b4 Rc2+ 38.Kd5 1-0

[Event "I Open"]
[Site "Senigallia ITA"]
[Date "1996.05.22"]
[Round "5"]
[White "Giacometti, Franco"]
[Black "Stantic, Severino"]
[Result "0-1"]
[WhiteElo "1953"]
[BlackElo "2030"]
[PlyCount "98"]
[EventDate "1996.05.19"]

1.d4 Nf6 2.c4 e6 3.Nf3 Bb4+ 4.Nbd2 c5 5.e3 cxd4 6.exd4 O-O 7.Bd3 d5 8.c5 
Ba5 9.O-O Bc7 10.Re1 Nc6 11.b3 Re8 12.Bb2 Nh5 13.Rc1 Nf4 14.Bb1 Qf6 15.Ne5
Ba5 16.Re3 Bxd2 17.Qxd2 Qg5 18.g3 Ng6 19.Nxf7 Qf6 20.Nd6 Rf8 21.Rce1 Bd7 
22.h4 Nxh4 23.gxh4 Qxh4 24.Rg3 Rf4 25.Qe3 Raf8 26.Rf1 e5 27.dxe5 Be6 28.
Nb5 Qh5 29.Qd3 g6 30.Nc7 Rh4 31.f4 Rh1+ 32.Kg2 Rh2+ 33.Kg1 Rxb2 34.Rg2 
Rxg2+ 35.Kxg2 Nb4 36.Qg3 Bf5 37.Bxf5 Qxf5 38.a3 Nd3 39.e6 Qe4+ 40.Qf3 Ne1+
41.Rxe1 Qxe1 42.Qxd5 Rf5 43.Qd4 Qe2+ 44.Kg3 g5 45.Qd8+ Kg7 46.Ne8+ Kh6 47.
Nf6 gxf4+ 48.Kh3 Qf3+ 49.Kh2 Qg3+ 0-1

[Event "I Open"]
[Site "Senigallia ITA"]
[Date "1996.05.22"]
[Round "5"]
[White "Lagrotteria, Salvatore"]
[Black "Tortarolo, Massimiliano"]
[Result "0-1"]
[WhiteElo "2150"]
[BlackElo "2235"]
[PlyCount "180"]
[EventDate "1996.05.19"]

1.Nf3 Nf6 2.d4 g6 3.c4 Bg7 4.Nc3 d5 5.cxd5 Nxd5 6.e4 Nxc3 7.bxc3 c5 8.Bb5+
Nd7 9.O-O a6 10.Ba4 O-O 11.Ba3 b5 12.Bb3 Qa5 13.Qc1 Bb7 14.e5 e6 15.Bd1 
Rfc8 16.Qb2 Rab8 17.Nd2 Bd5 18.Nb3 Bxb3 19.axb3 Qb6 20.Qd2 a5 21.Kh1 Bf8 
22.Bb2 c4 23.bxc4 Rxc4 24.Bb3 Rcc8 25.d5 Nxe5 26.dxe6 fxe6 27.c4 bxc4 28.
Bxe5 cxb3 29.Bxb8 Rxb8 30.h4 b2 31.Rab1 a4 32.h5 a3 33.hxg6 hxg6 34.Qd3 a2
35.Rxb2 Qxb2 36.Qxg6+ Qg7 37.Qxe6+ Kh8 38.Qxa2 Rb6 39.Re1 Rb2 40.Qc4 Rxf2 
41.Qh4+ Qh6 42.Qxh6+ Bxh6 43.Kh2 Kg7 44.Re6 Bg5 45.Kg3 Rf1 46.Kg4 Bf6 47.
Rc6 Rf2 48.Kg3 Ra2 49.Kf3 Kg6 50.g3 Ra3+ 51.Kf4 Ra4+ 52.Kf3 Kf5 53.g4+ Ke5
54.Rc5+ Kd6 55.Rb5 Be5 56.Rb6+ Kd5 57.Rb5+ Ke6 58.Rb6+ Bd6 59.g5 Rf4+ 60.
Ke3 Rg4 61.Rb5 Be5 62.Rb6+ Kf5 63.Ra6 Rg3+ 64.Kd2 Ke4 65.Ra8 Rg2+ 66.Ke1 
Bd4 67.g6 Be3 68.Kd1 Bd4 69.Ra3 Rxg6 70.Ke2 Rg2+ 71.Kd1 Be3 72.Ra8 Rd2+ 
73.Ke1 Rb2 74.Kd1 Kf3 75.Rf8+ Bf4 76.Rd8 Rh2 77.Rd3+ Ke4 78.Rd8 Be3 79.Ra8
Bd2 80.Re8+ Kf3 81.Rf8+ Bf4 82.Rd8 Ra2 83.Rd3+ Be3 84.Rd8 Ke4 85.Ke1 Bf2+ 
86.Kd1 Bd4 87.Ke1 Kd3 88.Kf1 Rf2+ 89.Ke1 Rf7 90.Rd6 Rg7 0-1

[Event "I Open"]
[Site "Senigallia ITA"]
[Date "1996.05.22"]
[Round "5"]
[White "Miatello, Alberto"]
[Black "Cetkovic, Sergio"]
[Result "0-1"]
[WhiteElo "1794"]
[BlackElo "1815"]
[PlyCount "60"]
[EventDate "1996.05.19"]

1.e4 c6 2.d4 d5 3.exd5 cxd5 4.c4 Nf6 5.c5 g6 6.Nc3 Bg7 7.Bb5+ Nc6 8.Nge2 
O-O 9.O-O Bf5 10.Ng3 Bg4 11.f3 Be6 12.Be3 Ne8 13.Bxc6 bxc6 14.b4 Nc7 15.a4
a6 16.Qd2 Rb8 17.Rfb1 Qd7 18.Qd3 h5 19.Bf4 h4 20.Bxc7 Qxc7 21.Nge2 Bf5 22.
Qxa6 Bxb1 23.Rxb1 e5 24.Qd3 exd4 25.Nxd4 Rfe8 26.Nce2 Bh6 27.Qc2 Rbc8 28.
b5 cxb5 29.Rxb5 Qe5 30.Qd3 Be3+ 0-1

[Event "I Open"]
[Site "Senigallia ITA"]
[Date "1996.05.22"]
[Round "5"]
[White "Miele, Rosario"]
[Black "Guglielmi, Giuseppe"]
[Result "1-0"]
[WhiteElo "1585"]
[BlackElo "1701"]
[PlyCount "51"]
[EventDate "1996.05.19"]

1.e4 c5 2.Nf3 e6 3.d4 cxd4 4.Nxd4 Nf6 5.Nc3 Bb4 6.f3 d5 7.Bb5+ Bd7 8.e5 
Qc7 9.exf6 Bxc3+ 10.bxc3 Qxc3+ 11.Qd2 Qxa1 12.O-O gxf6 13.Ba3 Qxa2 14.Qb4 
Kd8 15.Qa5+ b6 16.Be7+ Kxe7 17.Qxa2 Bxb5 18.Qa3+ Kd7 19.Nxb5 Kc6 20.Nd4+ 
Kd7 21.Rd1 Rc8 22.Rd3 Rc5 23.Rc3 Ra5 24.Qf8 Nc6 25.Qxa8 Nxd4 26.Qb7+ 1-0

[Event "I Open"]
[Site "Senigallia ITA"]
[Date "1996.05.22"]
[Round "5"]
[White "Mircoli, Filippo"]
[Black "Antoniacci, Riccardo"]
[Result "0-1"]
[WhiteElo "1600"]
[BlackElo "1525"]
[PlyCount "75"]
[EventDate "1996.05.19"]

1.e4 c5 2.Nf3 Nc6 3.d4 cxd4 4.Nxd4 g6 5.Nc3 Bg7 6.Be3 Nf6 7.Be2 O-O 8.Qd2 
d5 9.Nxc6 bxc6 10.e5 Ng4 11.Bxg4 Bxg4 12.f4 Qa5 13.Qd4 Rfb8 14.b3 Rb4 15.
Qd2 d4 16.O-O dxe3 17.Qxe3 Qb6 18.Qxb6 axb6 19.Na4 Rb8 20.c4 b5 21.cxb5 
cxb5 22.Nc3 Rd4 23.h3 Be6 24.Rac1 Bh6 25.g3 b4 26.Na4 Bxh3 27.Rf2 Bd7 28.
Nc5 Rc8 29.Rfc2 Bf5 30.Rc4 Rxc4 31.Rxc4 Bb1 32.e6 fxe6 33.Rc1 Bf5 34.Kf2 
e5 35.Ke3 exf4+ 36.gxf4 e5 37.Kf3 Bxf4 38.a4 0-1

[Event "I Open"]
[Site "Senigallia ITA"]
[Date "1996.05.22"]
[Round "5"]
[White "Nagni, Marco"]
[Black "Fucito, Giovanni"]
[Result "0-1"]
[WhiteElo "1606"]
[BlackElo "1512"]
[PlyCount "46"]
[EventDate "1996.05.19"]

1.d4 d5 2.c4 e6 3.Nc3 Nf6 4.cxd5 exd5 5.Bg5 Nbd7 6.e3 Be7 7.Bd3 O-O 8.Nge2
c6 9.Qc2 Re8 10.O-O h6 11.Bh4 Nf8 12.f3 Ne6 13.Rae1 Qd6 14.e4 dxe4 15.fxe4
Nxd4 16.Nxd4 Qxd4+ 17.Bf2 Qe5 18.Bg3 Qc5+ 19.Kh1 Ng4 20.Bf2 Qh5 21.Bg1 Bc5
22.Be2 Bxg1 23.h3 Qe5 0-1

[Event "I Open"]
[Site "Senigallia ITA"]
[Date "1996.05.22"]
[Round "5"]
[White "Pantaleoni, Leone"]
[Black "Bussoli, Sauro"]
[Result "0-1"]
[WhiteElo "1714"]
[BlackElo "1672"]
[PlyCount "94"]
[EventDate "1996.05.19"]

1.e4 d6 2.d4 Nf6 3.Nc3 g6 4.Nf3 Bg7 5.h3 O-O 6.Be2 c6 7.a4 e5 8.dxe5 dxe5 
9.O-O Qe7 10.Be3 Nbd7 11.a5 Nc5 12.Nd2 Rd8 13.Qc1 Ne8 14.Bc4 Nc7 15.Nb3 
Nxb3 16.Bxb3 Be6 17.Ba4 Na6 18.Rd1 Nc5 19.a6 b5 20.b4 Nxa6 21.Bxb5 Nxb4 
22.Rxd8+ Qxd8 23.Bc5 Bf8 24.Bxf8 Qxf8 25.Bf1 Qc5 26.Qa3 Qd4 27.Qb2 a5 28.
Rd1 Qc5 29.Rd2 a4 30.Qa3 Na6 31.Qa1 Qb4 32.Bxa6 Rxa6 33.Rd8+ Kg7 34.Nd5 
Qd4 35.c3 Qd2 36.Nc7 Qxd8 37.Nxa6 Qa5 38.Nb4 Qb5 39.Qa3 Bb3 40.f3 Qc5+ 41.
Kh2 Qxc3 42.Na6 Qa5 43.Nc5 Qc3 44.Nxa4 Qc2 45.Nc5 Bc4 46.Qa7 Kh6 47.Qe7 
Bf1 0-1

[Event "I Open"]
[Site "Senigallia ITA"]
[Date "1996.05.22"]
[Round "5"]
[White "Pierbattisti, Giorgio"]
[Black "Travaglini, Alberto"]
[Result "0-1"]
[WhiteElo "1654"]
[BlackElo "2123"]
[PlyCount "118"]
[EventDate "1996.05.19"]

1.d4 d5 2.c4 Bf5 3.Nc3 e6 4.Nf3 Nf6 5.Bg5 c6 6.e3 Nbd7 7.cxd5 exd5 8.Bd3 
Bxd3 9.Qxd3 Bd6 10.O-O O-O 11.Rab1 h6 12.Bh4 Re8 13.Rfc1 a5 14.Ne2 Qb8 15.
Bg3 Ne4 16.Bxd6 Qxd6 17.Ng3 g6 18.Qb3 Nxg3 19.hxg3 Reb8 20.Qc2 Kg7 21.Qc3 
Re8 22.b4 axb4 23.Rxb4 Ra7 24.Rcb1 b5 25.R4b2 Nb6 26.Ne5 Nc4 27.Nxc4 bxc4 
28.Re2 Rae7 29.a4 h5 30.a5 Qf6 31.Rb6 h4 32.gxh4 Qxh4 33.Re1 Rh8 34.Kf1 
Qh1+ 35.Ke2 Qxg2 36.Rbb1 Rh3 37.Kd2 Qxf2+ 38.Re2 Rexe3 39.Rxf2 Rxc3 40.Rb7
Rhd3+ 41.Ke1 Rc1+ 42.Ke2 Rc2+ 43.Kf1 Rxf2+ 44.Kxf2 Ra3 45.Ra7 c3 46.Ke2 c2
47.Kd2 Rc3 48.Kc1 g5 49.a6 g4 50.Re7 Ra3 51.Kxc2 Rxa6 52.Re3 Kg6 53.Kb3 
Rb6+ 54.Kc2 f5 55.Kd1 Kg5 56.Re1 f4 57.Re8 Rb2 58.Rg8+ Kf5 59.Re8 g3 0-1

[Event "I Open"]
[Site "Senigallia ITA"]
[Date "1996.05.22"]
[Round "5"]
[White "Rago, Riccardo"]
[Black "Diena, Giovanni"]
[Result "1-0"]
[WhiteElo "2230"]
[BlackElo "1771"]
[PlyCount "73"]
[EventDate "1996.05.19"]

1.e4 e5 2.Nf3 Nc6 3.Bc4 Nf6 4.d3 Be7 5.O-O O-O 6.h3 d5 7.exd5 Nxd5 8.Re1 
Bf6 9.Nbd2 Nf4 10.Ne4 Be6 11.Bxe6 Nxe6 12.Bd2 Re8 13.Bc3 Ned4 14.a4 Nxf3+ 
15.Qxf3 Be7 16.Nd2 Bb4 17.Re4 Bxc3 18.bxc3 Re6 19.Nc4 Qe7 20.Rb1 b6 21.
Nxe5 Nxe5 22.Rxe5 Re8 23.Rxe6 Qxe6 24.c4 c5 25.Qd1 Qe2 26.Qxe2 Rxe2 27.Rc1
Kf8 28.Kf1 Re6 29.Ra1 a5 30.f3 Ke7 31.Re1 f5 32.Rxe6+ Kxe6 33.f4 h6 34.Kf2
g6 35.c3 g5 36.Kf3 Kd6 37.d4 1-0

[Event "I Open"]
[Site "Senigallia ITA"]
[Date "1996.05.22"]
[Round "5"]
[White "Rotondi, Paolo"]
[Black "Palmizi, Alessandro"]
[Result "0-1"]
[WhiteElo "1591"]
[BlackElo "1600"]
[PlyCount "116"]
[EventDate "1996.05.19"]

1.c4 g6 2.d4 Bg7 3.Nc3 d6 4.e4 e6 5.f4 Nd7 6.Nf3 Ne7 7.Be3 b6 8.Qd2 Bb7 9.
Bd3 a6 10.d5 e5 11.O-O Bc8 12.Rae1 O-O 13.f5 Nf6 14.fxg6 hxg6 15.Bg5 Nh7 
16.Bh6 f5 17.Bxg7 Kxg7 18.Ng5 f4 19.Nxh7 Kxh7 20.Qf2 g5 21.h4 g4 22.g3 f3 
23.Nd1 Qe8 24.Qe3 Qh5 25.Rf2 Bd7 26.b4 Ng6 27.Nb2 Kg7 28.Ref1 Rf7 29.Rh2 
Nf4 30.a4 Qh6 31.Kh1 Nh5 32.Qf2 Rff8 33.Bc2 Kh8 34.Nd1 Rg8 35.Ne3 Nxg3+ 
36.Qxg3 Qxe3 37.h5 Qf4 38.Qxf4 exf4 39.Rh4 Rae8 40.Kg1 Re5 41.b5 axb5 42.
axb5 Rgg5 43.h6 Rh5 44.Rxh5 Rxh5 45.h7 Re5 46.Kf2 Kxh7 47.Rh1+ Kg7 48.Rh4 
Re8 49.Bd3 Rh8 50.Rxh8 Kxh8 51.Kg1 g3 52.Bf1 Kg7 53.Bd3 Bh3 54.Bf1 Bxf1 
55.Kxf1 Kf6 56.Kg1 Ke5 57.Kf1 Kxe4 58.Kg1 Kd3 0-1

[Event "I Open"]
[Site "Senigallia ITA"]
[Date "1996.05.22"]
[Round "5"]
[White "Sebastianelli, Dario"]
[Black "Barbieri, Giovanni"]
[Result "0-1"]
[WhiteElo "1768"]
[BlackElo "2155"]
[PlyCount "56"]
[EventDate "1996.05.19"]

1.e4 e5 2.f4 exf4 3.Nf3 h6 4.Bc4 d6 5.d4 g5 6.O-O Bg7 7.c3 Nc6 8.h4 Qe7 9.
b4 a6 10.a4 Bd7 11.a5 g4 12.Nh2 f3 13.gxf3 g3 14.Ng4 Qxh4 15.Kg2 h5 16.Rh1
Qe7 17.Ne3 h4 18.Re1 O-O-O 19.Nd5 h3+ 20.Kh1 Qh4 21.Qe2 Nxd4 22.cxd4 Bxd4 
23.Be3 Bxa1 24.Bxa6 h2 25.Rc1 Bc6 26.Bxb7+ Kxb7 27.Qb5+ Bxb5 28.Rxc7+ Ka8 
0-1